Strategic human resource management / (Record no. 57757)
[ view plain ]
| 000 -LEADER | |
|---|---|
| fixed length control field | 01040nam\a2200301\a\4500 |
| 001 - CONTROL NUMBER | |
| control field | 57757 |
| 005 - DATE AND TIME OF LATEST TRANSACTION | |
| control field | 20260412103754.0 |
| 008 - FIXED-LENGTH DATA ELEMENTS--GENERAL INFORMATION | |
| fixed length control field | 260412s1984 nyua b 001 0 eng |
| 020 ## - INTERNATIONAL STANDARD BOOK NUMBER | |
| ISBN | 0471810797 |
| 020 ## - INTERNATIONAL STANDARD BOOK NUMBER | |
| ISBN | 9780471810797 |
| 040 ## - CATALOGING SOURCE | |
| Original cataloging agency | DLC |
| Transcribing agency | DLC |
| Modifying agency | BD-DhIUB |
| 082 00 - DEWEY DECIMAL CLASSIFICATION NUMBER | |
| Classification number | 658.3 |
| Edition number | 23 |
| Item number | F731s |
| 100 1# - MAIN ENTRY--PERSONAL NAME | |
| Personal name | Fombrun, Charles J. |
| 245 10 - TITLE STATEMENT | |
| Title | Strategic human resource management / |
| Statement of responsibility, etc | Charles J. Fombrun, Noel M. Tichy, Mary Anne Devanna. |
| 260 ## - PUBLICATION, DISTRIBUTION, ETC. (IMPRINT) | |
| Place of publication, distribution, etc | New York : |
| Name of publisher, distributor, etc | John Wiley & Sons |
| Date of publication, distribution, etc | c1984. |
| 300 ## - PHYSICAL DESCRIPTION | |
| Extent | xv, 499 p. : |
| Other physical details | ill. ; |
| Dimensions | 25 cm. |
| 500 ## - GENERAL NOTE | |
| General note | Includes indexes. |
| 504 ## - BIBLIOGRAPHY, ETC. NOTE | |
| Bibliography, etc | Bibliography: p. 473-479. |
| 526 ## - STUDY PROGRAM INFORMATION NOTE | |
| School name | School of Business and Entrepreneurship |
| Department | HRM |
| Shelving Location | Reference Stacks |
| 541 ## - IMMEDIATE SOURCE OF ACQUISITION NOTE | |
| Source of acquisition | Karim International |
| 650 #0 - SUBJECT ADDED ENTRY--TOPICAL TERM | |
| Topical term or geographic name as entry element | Personnel management. |
| 700 1# - ADDED ENTRY--PERSONAL NAME | |
| Personal name | Tichy, Noel M. |
| 700 1# - ADDED ENTRY--PERSONAL NAME | |
| Personal name | Devanna, Mary Anne. |
| 856 42 - ELECTRONIC LOCATION AND ACCESS | |
| Materials specified | Publisher description |
| Uniform Resource Identifier | <a href="http://www.loc.gov/catdir/description/wiley033/84015223.html">http://www.loc.gov/catdir/description/wiley033/84015223.html</a> |
| 856 4# - ELECTRONIC LOCATION AND ACCESS | |
| Materials specified | Table of Contents |
| Uniform Resource Identifier | <a href="http://www.loc.gov/catdir/toc/onix04/84015223.html">http://www.loc.gov/catdir/toc/onix04/84015223.html</a> |
| 942 ## - ADDED ENTRY ELEMENTS (KOHA) | |
| Source of classification or shelving scheme | Dewey Decimal Classification |
| Koha item type | Books |
| Withdrawn status | Lost status | Source of classification or shelving scheme | Damaged status | Not for loan | Home library | Current library | Shelving location | Date acquired | Source of acquisition | Cost, normal purchase price | Serial Enumeration / chronology | Total Checkouts | Full call number | Barcode | Date last seen | Copy number | Cost, replacement price | Price effective from | Koha item type |
|---|---|---|---|---|---|---|---|---|---|---|---|---|---|---|---|---|---|---|---|
| Dewey Decimal Classification | Not For Loan | Library, Independent University, Bangladesh (IUB) | Library, Independent University, Bangladesh (IUB) | Reference Stacks | 05/04/2026 | Purchase | 8990.00 | 1984 | 658.3 F731s | 029627 | 12/04/2026 | 01 | 17980.00 | 05/04/2026 | Books |